[Event "AUT-chT2O 2223"]
[Site "Austria"]
[Date "2023.01.22"]
[Round "7.2"]
[White "Ernst, Robert"]
[Black "Salamon, Werner"]
[Result "1/2-1/2"]
[WhiteElo "2051"]
[BlackElo "2124"]
[PlyCount "50"]
[EventDate "2022.10.15"]
[EventType "team-tourn"]
[EventRounds "11"]
[EventCountry "AUT"]
[SourceTitle "CBM 213 Extra"]
[Source "ChessBase"]
[SourceDate "2023.05.31"]
[SourceVersion "1"]
[SourceVersionDate "2023.05.31"]
[SourceQuality "1"]
[WhiteTeam "Pressbaum"]
[BlackTeam "Mattersburg"]
[WhiteTeamCountry "AUT"]
[BlackTeamCountry "AUT"]

1. d4 Nf6 2. c4 e6 3. Nc3 d5 4. cxd5 exd5 5. Bg5 c6 6. Qc2 Bg4 7. e3 Nbd7 8. Bd3 Bh5 9. f4 h6 10. Bxf6 Qxf6 11. Qf2 Bg6 12. f5 Bh7 13. g4 Bd6 14. 0-0-0 0-0-0 15. Nf3 Bb4 16. h4 Bxc3 17. bxc3 Qd6 18. c4 dxc4 19. Bxc4 f6 20. Rd3 Bg8 21. Bxg8 Rhxg8 22. Rb3 Rge8 23. Kb2 Nb6 24. Rc1 Qd5 25. Nd2 Kb8 1/2-1/2

[Event "AUT-chT2O 2223"]
[Site "Austria"]
[Date "2022.11.20"]
[Round "4.6"]
[White "Stadlinger, Matthias"]
[Black "Salamon, Werner"]
[Result "1-0"]
[WhiteElo "1897"]
[BlackElo "2124"]
[PlyCount "51"]
[EventDate "2022.10.15"]
[EventType "team-tourn"]
[EventRounds "11"]
[EventCountry "AUT"]
[SourceTitle "CBM 213 Extra"]
[Source "ChessBase"]
[SourceDate "2023.05.31"]
[SourceVersion "1"]
[SourceVersionDate "2023.05.31"]
[SourceQuality "1"]
[WhiteTeam "Donaustadt"]
[BlackTeam "Mattersburg"]
[WhiteTeamCountry "AUT"]
[BlackTeamCountry "AUT"]

1. b3 e5 2. Bb2 Nc6 3. e3 Nf6 4. Bb5 d6 5. Ne2 Bd7 6. d4 exd4 7. Nxd4 Nxd4 8. Bxd7+ Qxd7 9. Qxd4 Be7 10. Nc3 d5 11. 0-0-0 c6 12. f3 Qc7 13. g4 h6 14. h4 Nd7 15. Qxg7 Bf6 16. Nxd5 cxd5 17. Bxf6 Rf8 18. Rxd5 Qc6 19. Rf5 Rc8 20. Rh2 Qd6 21. Rd2 Qe6 22. Qxh6 Rc6 23. Qf4 Nxf6 24. Rxf6 Qxf6 25. Qb8+ Ke7 26. Qxb7+ 1-0

[Event "AUT-chT2O 2122"]
[Site "Austria"]
[Date "2022.01.15"]
[Round "3.1"]
[White "Trippold, Denise"]
[Black "Salamon, Werner"]
[Result "1/2-1/2"]
[WhiteElo "2051"]
[BlackElo "2134"]
[PlyCount "100"]
[EventDate "2021.10.16"]
[EventType "team-tourn"]
[EventRounds "11"]
[EventCountry "AUT"]
[SourceTitle "EXT 2023"]
[Source "ChessBase"]
[SourceDate "2022.10.05"]
[SourceVersion "1"]
[SourceVersionDate "2022.10.05"]
[SourceQuality "1"]
[WhiteTeam "Ottakring"]
[BlackTeam "Mattersburg"]
[WhiteTeamCountry "AUT"]
[BlackTeamCountry "AUT"]

1. d4 d5 2. Nf3 Nf6 3. c4 e6 4. e3 Be7 5. Nc3 0-0 6. b3 c5 7. cxd5 exd5 8. Be2 Nc6 9. 0-0 Be6 10. Bb2 Rc8 11. Rc1 Qa5 12. dxc5 Bxc5 13. a3 Qd8 14. Nxd5 Qxd5 15. Qxd5 Bxd5 16. Rxc5 Bxb3 17. Bxf6 gxf6 18. Rb5 Be6 19. Rxb7 Rfd8 20. Bb5 a5 21. Bxc6 Rxc6 22. Ra7 Rc5 23. Nd4 Rdc8 24. h3 R8c7 25. Ra8+ Rc8 26. Ra7 R8c7 27. Rxc7 Rxc7 28. Kh2 Rc3 29. Ra1 a4 30. g4 Kg7 31. Kg3 Kg6 32. Ne2 Rb3 33. Nf4+ Kg7 34. Nh5+ Kg6 35. Nf4+ Kg7 36. h4 h6 37. Nh5+ Kg6 38. Nf4+ Kg7 39. Ne2 Rd3 40. Nd4 Rc3 41. Kf4 Rd3 42. h5 Rc3 43. Nb5 Rb3 44. Nc7 Kf8 45. Nxe6+ fxe6 46. Rc1 Rxa3 47. Rc7 Ra1 48. Ra7 a3 49. Kf3 a2 50. Kg2 Ke8 1/2-1/2

[Event "AUT-chT2O 2122"]
[Site "Austria"]
[Date "2021.10.17"]
[Round "2.5"]
[White "Salamon, Werner"]
[Black "Wagner, Gregor"]
[Result "1/2-1/2"]
[WhiteElo "2134"]
[BlackElo "2145"]
[PlyCount "51"]
[EventDate "2021.10.16"]
[EventType "team-tourn"]
[EventRounds "11"]
[EventCountry "AUT"]
[SourceTitle "CBM 204 Extra"]
[Source "ChessBase"]
[SourceDate "2021.11.30"]
[SourceVersion "1"]
[SourceVersionDate "2021.11.30"]
[SourceQuality "1"]
[WhiteTeam "Mattersburg"]
[BlackTeam "Wien Austria"]
[WhiteTeamCountry "AUT"]
[BlackTeamCountry "AUT"]

1. e4 c5 2. Nf3 d6 3. d4 cxd4 4. Nxd4 Nf6 5. Nc3 Nc6 6. Be2 g6 7. Be3 Bg7 8. 0-0 0-0 9. f4 a6 10. Kh1 Bd7 11. Bf3 Rc8 12. Nb3 b5 13. Qd2 b4 14. Ne2 Ng4 15. Bxg4 Bxg4 16. Ned4 Bd7 17. a3 a5 18. axb4 axb4 19. h3 Qc7 20. Rfc1 Qb7 21. Qd3 Nxd4 22. Bxd4 e5 23. fxe5 Bb5 24. Qe3 Bxe5 25. Ra7 Qc6 26. c3 1/2-1/2

[Event "AUT-chT2O 2122"]
[Site "Austria"]
[Date "2021.10.16"]
[Round "1.5"]
[White "Pernerstorfer, Moritz"]
[Black "Salamon, Werner"]
[Result "1/2-1/2"]
[WhiteElo "1884"]
[BlackElo "2134"]
[PlyCount "71"]
[EventDate "2021.10.16"]
[EventType "team-tourn"]
[EventRounds "11"]
[EventCountry "AUT"]
[SourceTitle "CBM 204 Extra"]
[Source "ChessBase"]
[SourceDate "2021.11.30"]
[SourceVersion "1"]
[SourceVersionDate "2021.11.30"]
[SourceQuality "1"]
[WhiteTeam "Krems Voest"]
[BlackTeam "Mattersburg"]
[WhiteTeamCountry "AUT"]
[BlackTeamCountry "AUT"]

1. e4 e5 2. Nf3 Nc6 3. d4 exd4 4. Nxd4 Bc5 5. Nxc6 Qf6 6. Qf3 Qxf3 7. gxf3 bxc6 8. Be3 Bb6 9. Nd2 d6 10. 0-0-0 Be6 11. Nc4 Ne7 12. Rg1 Bxe3+ 13. Nxe3 g6 14. f4 0-0-0 15. f3 f5 16. Bc4 Bxc4 17. Nxc4 Rhf8 18. e5 Nd5 19. Rd4 Rfe8 20. Re1 Re6 21. Na5 Ne7 22. h4 c5 23. Rd2 d5 24. Nb3 Rc6 25. Red1 d4 26. c3 Nd5 27. cxd4 cxd4+ 28. Kb1 Nxf4 29. Rxd4 Rxd4 30. Rxd4 Ne6 31. Ra4 a6 32. Nd4 Nxd4 33. Rxd4 Re6 34. f4 h6 35. Rd1 g5 36. hxg5 1/2-1/2

[Event "AUT-chT2O 2021"]
[Site "Austria"]
[Date "2020.10.17"]
[Round "1.5"]
[White "Wandl, Werner"]
[Black "Salamon, Werner"]
[Result "1/2-1/2"]
[WhiteElo "1989"]
[BlackElo "2144"]
[PlyCount "40"]
[EventDate "2020.10.17"]
[EventType "team-tourn"]
[EventRounds "11"]
[EventCountry "AUT"]
[SourceTitle "CBM 199 Extra"]
[Source "ChessBase"]
[SourceDate "2021.01.31"]
[SourceVersion "1"]
[SourceVersionDate "2021.01.31"]
[SourceQuality "1"]
[WhiteTeam "Pressbaum"]
[BlackTeam "Mattersburg"]
[WhiteTeamCountry "AUT"]
[BlackTeamCountry "AUT"]

1. d4 Nf6 2. Nf3 d5 3. Bf4 Bf5 4. e3 e6 5. Nbd2 c5 6. c3 Nc6 7. Ne5 Nxe5 8. Bxe5 a6 9. a4 Bd6 10. Bxd6 Qxd6 11. a5 0-0 12. Be2 e5 13. Nb3 exd4 14. exd4 c4 15. Nc5 Rfe8 16. 0-0 Re7 17. Bf3 Rae8 18. b3 cxb3 19. Qxb3 Be4 20. Bxe4 Nxe4 1/2-1/2

[Event "AUT-chT2O 1920"]
[Site "Austria"]
[Date "2020.01.18"]
[Round "6.5"]
[White "Salamon, Werner"]
[Black "Weissenbeck, Manuel"]
[Result "1/2-1/2"]
[WhiteElo "2149"]
[BlackElo "2271"]
[PlyCount "112"]
[EventDate "2019.10.19"]
[EventType "team-tourn"]
[EventRounds "11"]
[EventCountry "AUT"]
[SourceTitle "CBM 194 Extra"]
[Source "ChessBase"]
[SourceDate "2020.03.31"]
[SourceVersion "1"]
[SourceVersionDate "2020.03.31"]
[SourceQuality "1"]
[WhiteTeam "Mattersburg"]
[BlackTeam "Pressbaum"]
[WhiteTeamCountry "AUT"]
[BlackTeamCountry "AUT"]

1. e4 c5 2. c3 e6 3. d4 d5 4. exd5 exd5 5. Nf3 Nc6 6. Be2 Bd6 7. 0-0 Nge7 8. dxc5 Bxc5 9. Nbd2 0-0 10. Nb3 Bb6 11. Nbd4 Nf5 12. Re1 Ncxd4 13. Nxd4 Nxd4 14. cxd4 Re8 15. Be3 Bf5 16. Qb3 Qd6 17. Rac1 Rad8 18. Bf3 h6 19. g3 Be4 20. Bf4 Qf6 21. Bxe4 dxe4 22. Be3 Qf5 23. Rc4 Rd5 24. Qc2 Red8 25. Rd1 Qg4 26. b4 Rh5 27. d5 Bxe3 28. fxe3 Rhxd5 29. Rxd5 Rxd5 30. Rxe4 Qd1+ 31. Qxd1 Rxd1+ 32. Kg2 Rd2+ 33. Kh3 Rxa2 34. Re8+ Kh7 35. Re7 b5 36. Rxf7 a6 37. Ra7 Ra4 38. g4 Rxb4 39. Rxa6 Re4 40. Ra3 b4 41. Rd3 Kg6 42. Kg3 Kf6 43. Kf3 Re6 44. Rb3 Rb6 45. Kf4 Ke6 46. Ke4 Rb5 47. h4 h5 48. g5 Re5+ 49. Kf4 Rf5+ 50. Ke4 Rb5 51. Kd4 Kf5 52. Kc4 Re5 53. Rxb4 Rxe3 54. Rb7 Re4+ 55. Kd3 Rxh4 56. Rxg7 Rg4 1/2-1/2

[Event "AUT-chT2O 1718"]
[Site "Austria"]
[Date "2018.02.24"]
[Round "8.6"]
[White "Leitner, Gerald"]
[Black "Salamon, Werner"]
[Result "1/2-1/2"]
[WhiteElo "2138"]
[BlackElo "2180"]
[PlyCount "122"]
[EventDate "2017.10.21"]
[EventType "team-tourn"]
[EventRounds "11"]
[EventCountry "AUT"]
[SourceTitle "EXT 2019"]
[Source "ChessBase"]
[SourceDate "2018.10.10"]
[SourceVersion "1"]
[SourceVersionDate "2018.10.10"]
[SourceQuality "1"]
[WhiteTeam "Tschaturanga"]
[BlackTeam "Mattersburg"]
[WhiteTeamCountry "AUT"]
[BlackTeamCountry "AUT"]

1. Nf3 Nf6 2. c4 e6 3. d4 d5 4. Nc3 Be7 5. Bf4 0-0 6. e3 b6 7. cxd5 Nxd5 8. Nxd5 exd5 9. Bd3 c5 10. Rc1 Be6 11. 0-0 g6 12. Qe2 Bd6 13. Bxd6 Qxd6 14. dxc5 bxc5 15. Rfd1 Nd7 16. h3 Qb6 17. b3 Rfd8 18. e4 dxe4 19. Bxe4 Rac8 20. Ng5 Nf8 21. Rxd8 Rxd8 22. Qe3 Qa5 23. Bb1 Qd2 24. Qxd2 Rxd2 25. Ne4 Rb2 26. Nxc5 a5 27. Kf1 Bf5 28. Bxf5 gxf5 29. a4 Ne6 30. Nxe6 fxe6 31. Rc3 Kf7 32. g3 Kf6 33. Kg2 h5 34. Kf3 Ke5 35. Rc5+ Kf6 36. Rb5 Kg6 37. h4 Kf6 38. Ke3 e5 39. Kf3 Ke6 40. Rxa5 Rxb3+ 41. Kg2 e4 42. Ra6+ Kf7 43. Rh6 Ra3 44. Rxh5 Kg6 45. Rg5+ Kf6 46. a5 Ra2 47. Kf1 Rxa5 48. g4 Ra1+ 49. Kg2 fxg4 50. Rxg4 Kf5 51. Rg5+ Kf4 52. Rg3 Ra5 53. Rg8 Rb5 54. Re8 Ra5 55. Rh8 Ra2 56. Re8 Ra5 57. Kh3 Ra3+ 58. Kg2 Ra5 59. Rg8 Rb5 60. Rg3 Ra5 61. Kh3 Ra1 1/2-1/2

[Event "AUT-chT2O 1718"]
[Site "Austria"]
[Date "2018.01.13"]
[Round "6.5"]
[White "Poell, Markus"]
[Black "Salamon, Werner"]
[Result "1-0"]
[WhiteElo "2133"]
[BlackElo "2180"]
[PlyCount "90"]
[EventDate "2017.10.21"]
[EventType "team-tourn"]
[EventRounds "11"]
[EventCountry "AUT"]
[SourceTitle "EXT 2019"]
[Source "ChessBase"]
[SourceDate "2018.10.10"]
[SourceVersion "1"]
[SourceVersionDate "2018.10.10"]
[SourceQuality "1"]
[WhiteTeam "Mostarrichi"]
[BlackTeam "Mattersburg"]
[WhiteTeamCountry "AUT"]
[BlackTeamCountry "AUT"]

1. d4 Nf6 2. Bf4 d5 3. e3 e6 4. Bd3 Bd6 5. Bg3 0-0 6. Nd2 b6 7. Qe2 c5 8. c3 Bb7 9. Ngf3 Ne4 10. Bxd6 Qxd6 11. 0-0 Nd7 12. a4 Nxd2 13. Qxd2 e5 14. dxe5 Nxe5 15. Be2 Rad8 16. Nxe5 Qxe5 17. Bf3 Bc8 18. Rfd1 Be6 19. a5 Rd6 20. axb6 axb6 21. Ra4 Rfd8 22. b4 cxb4 23. Rxb4 g6 24. Rd4 Rc8 25. c4 Rdc6 26. cxd5 Rc2 27. Qb4 Bd7 28. Qxb6 Rb8 29. Qa7 Qd6 30. Qa5 Rb5 31. Qe1 Rbb2 32. e4 Qc5 33. R4d2 Rxd2 34. Rxd2 Qc3 35. Rd1 Qe5 36. Qa5 Bb5 37. Qa1 Qc3 38. Qa7 Be2 39. Bxe2 Rxe2 40. Qb8+ Kg7 41. Qb1 Rb2 42. Qc1 Rc2 43. Qa1 Rb2 44. d6 Qc2 45. Qxb2+ Qxb2 1-0

[Event "AUT-chT2O 1718"]
[Site "Austria"]
[Date "2017.10.22"]
[Round "2.5"]
[White "Bachofner, Andreas"]
[Black "Salamon, Werner"]
[Result "1/2-1/2"]
[WhiteElo "2144"]
[BlackElo "2180"]
[PlyCount "61"]
[EventDate "2017.10.21"]
[EventType "team-tourn"]
[EventRounds "11"]
[EventCountry "AUT"]
[SourceTitle "CBM 181 Extra"]
[Source "ChessBase"]
[SourceDate "2017.12.12"]
[SourceVersion "1"]
[SourceVersionDate "2017.12.12"]
[SourceQuality "1"]
[WhiteTeam "Nickelsdorf Blackburne"]
[BlackTeam "Mattersburg"]
[WhiteTeamCountry "AUT"]
[BlackTeamCountry "AUT"]

1. e4 e5 2. Nf3 Nc6 3. d4 exd4 4. Nxd4 Bc5 5. Nxc6 Qf6 6. Qf3 bxc6 7. Nd2 d6 8. Bd3 Qxf3 9. gxf3 Ne7 10. Nb3 Bb6 11. Be3 0-0 12. h4 Bxe3 13. fxe3 f5 14. f4 fxe4 15. Bxe4 Bf5 16. Bf3 Rae8 17. Nd4 Nd5 18. Bxd5+ cxd5 19. Nxf5 Rxf5 20. Kd2 d4 21. Rae1 Kf7 22. Rhf1 Re4 23. Kd3 d5 24. c4 Rxe3+ 25. Rxe3 dxe3 26. Kxe3 dxc4 27. Rc1 Rc5 28. Kd4 Rf5 29. Ke4 Rc5 30. Kd4 Rf5 31. Ke4 1/2-1/2

[Event "AUT-chT2O 1617"]
[Site "Austria"]
[Date "2017.03.04"]
[Round "8.2"]
[White "Salamon, Werner"]
[Black "Karlusch, Albrecht"]
[Result "1-0"]
[WhiteElo "2157"]
[BlackElo "2142"]
[PlyCount "77"]
[EventDate "2016.10.15"]
[EventType "team-tourn"]
[EventRounds "11"]
[EventCountry "AUT"]
[SourceTitle "CBM 177 Extra"]
[Source "ChessBase"]
[SourceDate "2017.04.27"]
[SourceVersion "1"]
[SourceVersionDate "2017.04.27"]
[SourceQuality "1"]
[WhiteTeam "Mattersburg"]
[BlackTeam "Donaustadt"]
[WhiteTeamCountry "AUT"]
[BlackTeamCountry "AUT"]

1. e4 e6 2. d4 d5 3. exd5 exd5 4. Bd3 Nc6 5. c3 Bd6 6. Nf3 Nge7 7. 0-0 Bf5 8. Re1 Qd7 9. Bxf5 Qxf5 10. Nbd2 g5 11. Nf1 g4 12. Ne5 Bxe5 13. dxe5 h5 14. Qa4 Ng6 15. Be3 Ngxe5 16. Bd4 0-0 17. Ng3 Qg5 18. Be3 Qg6 19. Ne2 Nc4 20. Nf4 Qf5 21. Qb5 Nb6 22. Rad1 a6 23. Qd3 Qxd3 24. Rxd3 Ne5 25. Rdd1 Nbc4 26. b3 Nxe3 27. Rxe3 Ng6 28. Nxh5 f5 29. Rxd5 Rad8 30. Red3 Rxd5 31. Rxd5 c6 32. Rd7 Ne5 33. Rg7+ Kh8 34. Rxb7 f4 35. Re7 Rd8 36. h3 Rd1+ 37. Kh2 Re1 38. Nxf4 gxh3 39. Rxe5 1-0

[Event "AUT-chT2O 1617"]
[Site "Austria"]
[Date "2016.12.03"]
[Round "5.4"]
[White "Salamon, Werner"]
[Black "Sadilek, Maximilian"]
[Result "1-0"]
[WhiteElo "2157"]
[BlackElo "2258"]
[PlyCount "53"]
[EventDate "2016.10.15"]
[EventType "team-tourn"]
[EventRounds "11"]
[EventCountry "AUT"]
[SourceTitle "CBM 177 Extra"]
[Source "ChessBase"]
[SourceDate "2017.04.27"]
[SourceVersion "1"]
[SourceVersionDate "2017.04.27"]
[SourceQuality "1"]
[WhiteTeam "Mattersburg"]
[BlackTeam "Tschaturanga"]
[WhiteTeamCountry "AUT"]
[BlackTeamCountry "AUT"]

1. e4 c5 2. Nf3 d6 3. d4 cxd4 4. Nxd4 Nc6 5. Nc3 Nf6 6. Be2 e5 7. Nb3 Be7 8. Be3 0-0 9. 0-0 Be6 10. Qd2 a5 11. a4 Nb4 12. Bf3 Rc8 13. Rac1 b6 14. Rfd1 Ng4 15. Bxg4 Bxg4 16. f3 Be6 17. Qf2 Rb8 18. Nb5 f5 19. exf5 Rxf5 20. c4 Rf8 21. Qe2 Bf5 22. Rd2 h6 23. Rcd1 Rf6 24. Bf2 Kh8 25. Bh4 g5 26. Bg3 Re6 27. Nxd6 1-0

[Event "AUT-chT2O 1617"]
[Site "Austria"]
[Date "2016.11.12"]
[Round "3.3"]
[White "Hofegger, Jakob"]
[Black "Salamon, Werner"]
[Result "1/2-1/2"]
[WhiteElo "2072"]
[BlackElo "2157"]
[PlyCount "89"]
[EventDate "2016.10.15"]
[EventType "team-tourn"]
[EventRounds "11"]
[EventCountry "AUT"]
[SourceTitle "CBM 175 Extra"]
[Source "ChessBase"]
[SourceDate "2016.12.12"]
[SourceVersion "1"]
[SourceVersionDate "2016.12.12"]
[SourceQuality "1"]
[WhiteTeam "Baden Invest"]
[BlackTeam "Mattersburg"]
[WhiteTeamCountry "AUT"]
[BlackTeamCountry "AUT"]

1. Nf3 Nf6 2. g3 d5 3. Bg2 e6 4. 0-0 Be7 5. d3 0-0 6. Nbd2 c5 7. e4 Nc6 8. Re1 b6 9. e5 Nd7 10. Nf1 Bb7 11. h4 Qc7 12. Bf4 Rfe8 13. N1h2 Nf8 14. h5 h6 15. Ng4 Nh7 16. Qd2 Qd8 17. Rad1 Ng5 18. Bxg5 Bxg5 19. Nxg5 Qxg5 20. Qxg5 hxg5 21. c3 Red8 22. f4 gxf4 23. gxf4 Ne7 24. h6 gxh6 25. Nxh6+ Kg7 26. Ng4 Rh8 27. Kf2 Rh4 28. Rg1 Rxg4 29. Bxd5 Bxd5 30. Rxg4+ Ng6 31. c4 Bc6 32. d4 Rd8 33. d5 exd5 34. f5 Bd7 35. e6 Bxe6 36. fxe6 fxe6 37. cxd5 exd5 38. Rdg1 Rd6 39. Ke3 Re6+ 40. Kd2 Kf7 41. Rh1 Kg7 42. Rh5 d4 43. b4 cxb4 44. Rxd4 a5 45. Rd7+ 1/2-1/2

[Event "AUT-chT2O 1617"]
[Site "Austria"]
[Date "2016.10.16"]
[Round "2.4"]
[White "Druckenthaner, Andreas"]
[Black "Salamon, Werner"]
[Result "1/2-1/2"]
[WhiteElo "2267"]
[BlackElo "2157"]
[PlyCount "70"]
[EventDate "2016.10.15"]
[EventType "team-tourn"]
[EventRounds "11"]
[EventCountry "AUT"]
[SourceTitle "EXT 2017"]
[Source "ChessBase"]
[SourceDate "2016.10.25"]
[SourceVersion "1"]
[SourceVersionDate "2016.10.25"]
[SourceQuality "1"]
[WhiteTeam "Austria"]
[BlackTeam "Mattersburg"]
[WhiteTeamCountry "AUT"]
[BlackTeamCountry "AUT"]

1. e4 e5 2. Nf3 Nc6 3. Nc3 Nf6 4. a3 d6 5. d4 Be7 6. dxe5 Nxe5 7. Be2 0-0 8. 0-0 Nfd7 9. Nd4 Nb6 10. a4 Nc6 11. Be3 Nxd4 12. Bxd4 Be6 13. a5 Nd7 14. f4 f5 15. exf5 Bxf5 16. Bf3 c6 17. a6 Qc7 18. Re1 Bf6 19. axb7 Qxb7 20. Bxf6 Nxf6 21. Qxd6 Qxb2 22. Qc5 Rae8 23. Bxc6 Rxe1+ 24. Rxe1 Qxc2 25. Ba4 Qb2 26. Nd5 g6 27. Ne7+ Kg7 28. Nxf5+ gxf5 29. Qxa7+ Rf7 30. Qc5 Ne4 31. Qe5+ Qxe5 32. fxe5 Re7 33. Bc2 Rxe5 34. g4 Kf6 35. gxf5 Nd6 1/2-1/2

[Event "AUT-chT2O 1516"]
[Site "Austria"]
[Date "2015.11.29"]
[Round "4.4"]
[White "Salamon, Werner"]
[Black "Weissenbeck, Manuel"]
[Result "1/2-1/2"]
[WhiteElo "2130"]
[BlackElo "2246"]
[PlyCount "168"]
[EventDate "2015.10.17"]
[EventType "team-tourn"]
[EventRounds "11"]
[EventCountry "AUT"]
[SourceTitle "EXT 2017"]
[Source "ChessBase"]
[SourceDate "2016.10.25"]
[SourceVersion "1"]
[SourceVersionDate "2016.10.25"]
[SourceQuality "1"]
[WhiteTeam "Mattersburg"]
[BlackTeam "Pressbaum"]
[WhiteTeamCountry "AUT"]
[BlackTeamCountry "AUT"]

1. e4 c5 2. c3 e6 3. d4 d5 4. exd5 exd5 5. Bd3 Bd6 6. Nf3 Ne7 7. 0-0 Nbc6 8. dxc5 Bxc5 9. Nbd2 Bg4 10. Nb3 Bb6 11. Re1 Qd7 12. Be3 0-0 13. Bxb6 axb6 14. h3 Bf5 15. Bxf5 Qxf5 16. Nbd4 Qf6 17. Qb3 Na5 18. Qb5 Rfd8 19. Ne5 Nec6 20. Ndf3 Nxe5 21. Nxe5 h6 22. Rad1 Nc6 23. Nf3 Rxa2 24. Qxb6 Qd6 25. Qb3 Raa8 26. Nd4 Na5 27. Qb5 Qa6 28. Re7 Qxb5 29. Nxb5 Kf8 30. Rc7 Nc4 31. b3 Nd6 32. Nxd6 Rxd6 33. Rxb7 Ra2 34. Re1 g5 35. Ree7 Rf6 36. f3 Rc2 37. Rec7 Kg7 38. b4 Re6 39. Rxf7+ Kg6 40. Rfe7 Rxe7 41. Rxe7 Rxc3 42. Rd7 Rb3 43. Rd6+ Kg7 44. Rxd5 Rxb4 45. Rd6 Rb2 46. Kh2 Rc2 47. h4 Rc4 48. hxg5 hxg5 49. Kg3 Ra4 50. Re6 Ra2 51. Kh3 Kf7 52. Re4 Rf2 53. Kg3 Ra2 54. Rb4 Kf6 55. Kh3 Kf5 56. g3 Ra5 57. Rb6 Ra8 58. g4+ Ke5 59. Rg6 Kf4 60. Rf6+ Ke3 61. Kg3 Rg8 62. Re6+ Kd4 63. f4 gxf4+ 64. Kxf4 Kd5 65. Re1 Rf8+ 66. Kg3 Rg8 67. Re2 Kd6 68. Re4 Kd5 69. Rf4 Ke6 70. Rf5 Rg6 71. Kh4 Rg8 72. Rf2 Rh8+ 73. Kg3 Rg8 74. Rf5 Rg6 75. Kh4 Rg8 76. Rf4 Ke5 77. Ra4 Kf6 78. Ra6+ Kg7 79. Kh5 Rh8+ 80. Kg5 Rb8 81. Ra7+ Kg8 82. Kh5 Rb6 83. g5 Rc6 84. g6 Rc1 1/2-1/2

[Event "AUT-chT2O 1516"]
[Site "Austria"]
[Date "2015.10.18"]
[Round "2.5"]
[White "Leitner, Gerald"]
[Black "Salamon, Werner"]
[Result "0-1"]
[WhiteElo "2216"]
[BlackElo "2130"]
[PlyCount "89"]
[EventDate "2015.10.17"]
[EventType "team-tourn"]
[EventRounds "11"]
[EventCountry "AUT"]
[SourceTitle "CBM 168 Extra"]
[Source "ChessBase"]
[SourceDate "2015.10.29"]
[SourceVersion "1"]
[SourceVersionDate "2015.10.29"]
[SourceQuality "1"]
[WhiteTeam "Tschaturanga"]
[BlackTeam "Mattersburg"]
[WhiteTeamCountry "AUT"]
[BlackTeamCountry "AUT"]

1. c4 e6 2. d4 Nf6 3. Nc3 c5 4. d5 exd5 5. cxd5 d6 6. Nf3 g6 7. Nd2 Bg7 8. e4 0-0 9. Be2 Re8 10. 0-0 a6 11. a4 Nbd7 12. Ra3 Qc7 13. Qc2 Rb8 14. a5 b5 15. axb6 Nxb6 16. Bxa6 Bxa6 17. Rxa6 Qb7 18. Ra3 Ng4 19. Nb5 Qd7 20. Ra5 Nxd5 21. exd5 Rxb5 22. Rxb5 Qxb5 23. Nc4 Qa6 24. Bf4 Ne5 25. Bxe5 Bxe5 26. f4 Bd4+ 27. Kh1 f5 28. h3 Bxb2 29. Rb1 Bd4 30. Kh2 Kg7 31. Rb6 Qa1 32. Rb7+ Kh6 33. Rb1 Qa6 34. Rb6 Qa1 35. Rb1 Qa6 36. g4 Re4 37. gxf5 Rxf4 38. Kg3 Rxf5 39. h4 Be5+ 40. Kg2 Rf4 41. Nxe5 dxe5 42. Rd1 Qd6 43. Kg3 Qf6 44. Rh1 Rd4 45. Kg2 0-1

[Event "AUT-chT2O 1415"]
[Site "Austria"]
[Date "2015.01.25"]
[Round "7.2"]
[White "Salamon, Werner"]
[Black "Zojer, Stefan"]
[Result "1/2-1/2"]
[WhiteElo "2116"]
[BlackElo "2093"]
[PlyCount "85"]
[EventDate "2014.10.18"]
[EventType "team-tourn"]
[EventRounds "11"]
[EventCountry "AUT"]
[SourceTitle "EXT 2016"]
[Source "ChessBase"]
[SourceDate "2015.10.08"]
[SourceVersion "1"]
[SourceVersionDate "2015.10.08"]
[SourceQuality "1"]
[WhiteTeam "Mattersburg"]
[BlackTeam "Baden Invest"]
[WhiteTeamCountry "AUT"]
[BlackTeamCountry "AUT"]

1. e4 e5 2. Nf3 Nc6 3. Bb5 a6 4. Bxc6 dxc6 5. 0-0 Bg4 6. h3 Bh5 7. d3 f6 8. Nbd2 Ne7 9. Re1 c5 10. Nf1 Nc6 11. Ng3 Bf7 12. Be3 Qd7 13. Qe2 Be6 14. Nd2 0-0-0 15. Nb3 Nd4 16. Bxd4 cxd4 17. Red1 h5 18. c3 Rh6 19. cxd4 exd4 20. Rac1 h4 21. Nf5 Bxf5 22. exf5 Qxf5 23. Rc4 Qe5 24. Re1 Bd6 25. Qg4+ f5 26. Rxe5 fxg4 27. Re4 gxh3 28. gxh3 Rg6+ 29. Kf1 Rf6 30. Rexd4 Rdf8 31. Ke1 g5 32. Nd2 Bf4 33. Ne4 Rf5 34. Rc2 Be5 35. Rd5 Bf4 36. Rcc5 Rxd5 37. Rxd5 g4 38. Rh5 gxh3 39. Rxh4 h2 40. Ng3 Bxg3 41. fxg3 Rf3 42. Rxh2 Rxg3 43. Kd2 1/2-1/2

[Event "AUT-chT2O 1415"]
[Site "Austria"]
[Date "2014.11.16"]
[Round "4.4"]
[White "Salamon, Werner"]
[Black "Ganaus, Hannes"]
[Result "0-1"]
[WhiteElo "2116"]
[BlackElo "2322"]
[PlyCount "64"]
[EventDate "2014.10.18"]
[EventType "team-tourn"]
[EventRounds "11"]
[EventCountry "AUT"]
[SourceTitle "CBM 163 Extra"]
[Source "ChessBase"]
[SourceDate "2014.12.23"]
[SourceVersion "1"]
[SourceVersionDate "2014.12.23"]
[SourceQuality "1"]
[WhiteTeam "Mattersburg"]
[BlackTeam "Poechlarn"]
[WhiteTeamCountry "AUT"]
[BlackTeamCountry "AUT"]

1. e4 c6 2. c4 g6 3. d4 Bg7 4. Nc3 d6 5. f4 Qb6 6. Nf3 Bg4 7. d5 Na6 8. Na4 Qc7 9. Be2 Nf6 10. h3 Bxf3 11. Bxf3 0-0 12. 0-0 cxd5 13. cxd5 b5 14. Qe2 Qa5 15. Nc3 b4 16. Nd1 Nc5 17. Nf2 Nb3 18. Rb1 Nd4 19. Qc4 Nxf3+ 20. gxf3 Qb6 21. Bd2 Rab8 22. Kg2 Rfc8 23. Qb3 Nd7 24. Nd3 a5 25. Rbc1 Qd4 26. Rfe1 a4 27. Qxa4 Qxd3 28. Bxb4 Nc5 29. Bxc5 Rxc5 30. Rxc5 Qd2+ 31. Kf1 dxc5 32. Re2 Qd3 0-1

[Event "AUT-chT2O 1415"]
[Site "Austria"]
[Date "2014.11.15"]
[Round "3.4"]
[White "Salamon, Werner"]
[Black "Lendwai, Reinhard"]
[Result "0-1"]
[WhiteElo "2116"]
[BlackElo "2347"]
[PlyCount "62"]
[EventDate "2014.10.18"]
[EventType "team-tourn"]
[EventRounds "11"]
[EventCountry "AUT"]
[SourceTitle "CBM 163 Extra"]
[Source "ChessBase"]
[SourceDate "2014.12.23"]
[SourceVersion "1"]
[SourceVersionDate "2014.12.23"]
[SourceQuality "1"]
[WhiteTeam "Mattersburg"]
[BlackTeam "Nickelsdorf"]
[WhiteTeamCountry "AUT"]
[BlackTeamCountry "AUT"]

1. e4 c5 2. Nf3 Nc6 3. d4 cxd4 4. Nxd4 Nf6 5. Nc3 d6 6. Be2 g6 7. Be3 Bg7 8. 0-0 0-0 9. f4 Bd7 10. Kh1 a6 11. a4 Rc8 12. Nb3 Be6 13. Nd4 Nxd4 14. Bxd4 Qa5 15. Bf3 Rfd8 16. Qe1 Rc4 17. Rd1 Qb4 18. Bxf6 exf6 19. f5 Bd7 20. Qg3 Bc6 21. Be2 Rd4 22. Nd5 Qxb2 23. Ne7+ Kf8 24. Nxc6 bxc6 25. Bxa6 Rxd1 26. Rxd1 Qxc2 27. Ra1 Bh6 28. h4 Kg7 29. h5 Qd2 30. hxg6 hxg6 31. Bb7 Rh8 0-1